Loading...
Social Science | 0 | 2 | 0 | 0 | 20 | 78 | 84.50 | 1 | 1 |
History - Other History | 0 | 2 | 0 | 0 | 20 | 85 | 100.00 | 0 | 2 |
Fine Arts - Classical Music | 0 | 1 | 0 | 0 | 10 | 137 | 137.00 | 0 | 1 |
Fine Arts - Other Fine Arts | 0 | 1 | 0 | 0 | 10 | 119 | 119.00 | 0 | 1 |
Literature - World Literature | 0 | 1 | 0 | 0 | 10 | 120 | 120.00 | 0 | 1 |
Science - Other Science | 0 | 1 | 0 | 0 | 10 | 138 | 138.00 | 0 | 1 |
History - World History | 0 | 1 | 2 | 0 | 0 | 120 | 120.00 | 0 | 1 |
History - American History | 0 | 0 | 1 | 0 | -5 | 0.00 | 0 | 0 | |
Mythology | 0 | 0 | 1 | 0 | -5 | 0.00 | 0 | 0 | |
Religion | 0 | 0 | 2 | 0 | -10 | 0.00 | 0 | 0 | |
History - European History | 0 | 0 | 2 | 0 | -10 | 0.00 | 0 | 0 |